000 00829nam a22002297a 4500
003 UA-OsUOA
001 45847
007 ta
008 20111206b un ||||| |||| 00| 0 ukr d
090 _a81'374
_bС48
942 _cBK
040 _aUA-OsUOA
_bukr
_cUA-OsUOA
_dUA-OsUOA
245 _aСловник технічної термінології. Мірництво
_bвідтворення видання 1930 року
_cінж. Ю. Трихвилів та І. Зубков
300 _a167 с.
955 _a4
041 _aukr
080 _a81'374
260 _aК.
_c2009
650 7 _a8 Мовознавство. Художня література. Літературознавство
_2UDC
999 _c425949
_d425949